Text book of enterprise resource planning (Record no. 195805)

MARC details
000 -LEADER
fixed length control field 00427nam a2200157Ia 4500
005 - DATE AND TIME OF LATEST TRANSACTION
control field 20250222104340.0
008 - FIXED-LENGTH DATA ELEMENTS--GENERAL INFORMATION
fixed length control field 231217s9999 xx 000 0 und d
020 ## - INTERNATIONAL STANDARD BOOK NUMBER
International Standard Book Number 9781403927453
082 ## - DEWEY DECIMAL CLASSIFICATION NUMBER
Classification number 658.1 JAI;7
100 ## - MAIN ENTRY--PERSONAL NAME
Personal name Jaiswal, Mahadeo. Vanapalli, Ganesh.
245 #0 - TITLE STATEMENT
Title Text book of enterprise resource planning
260 ## - PUBLICATION, DISTRIBUTION, ETC. (IMPRINT)
Date of publication, distribution, etc. 2005
Name of publisher, distributor, etc. McMillan India
Place of publication, distribution, etc. New Delhi
300 ## - PHYSICAL DESCRIPTION
Extent xiii, 365
650 ## - SUBJECT ADDED ENTRY--TOPICAL TERM
Topical term or geographic name as entry element planning
942 ## - ADDED ENTRY ELEMENTS (KOHA)
Koha item type Books
Holdings
Date last seen Total Checkouts Full call number Accession number Old discount Cost, replacement price Price effective from Category Lost status Damaged status Department Withdrawn status bill no. bill date Permanent Location Current Location Shelving location Entry date Vendor Cost, normal purchase price Grants Currency symbol Conversion rate Discount Discount type
26/01/2024   658.1 JAI;7 87128 25 243.75 26/01/2024 Books     Information Science   74203 16/09/2022 Central Library Central Library Information Science 04/09/2013 Book Paradise 325.00 IS RS 1 81.25 Rupees
26/01/2024   658.1 JAI;8 87129 25 243.75 26/01/2024 Books     Information Science   74203 16/09/2022 Central Library Central Library Information Science 04/09/2013 Book Paradise 325.00 IS RS 1 81.25 Rupees

© For any Suggestions or Query, please contact the library staff @ librarian@pes.edu or Phone: +9180 2672 1983/ 2108.